[Event "Stuttgarter Stadtmeisterschaft A"]
[Site "Ditzingen"]
[Date "2015.05.16"]
[Round "6.27"]
[White "Hirtreiter, Pierre"]
[Black "Braun, Rüdiger-Thomas"]
[Result "0-1"]
[WhiteElo "2027"]
[BlackElo "1940"]
[PlyCount "88"]
[EventDate "2015.??.??"]
[WhiteTeam "SK München Südost"]
[BlackTeam "SF Birkenfeld"]

1. e4 c5 2. Nf3 d6 3. d4 cxd4 4. Nxd4 Nf6 5. Nc3 a6 6. h3 Nbd7 7. g4 Nc5 8. Bg2
Rb8 9. O-O g6 10. a4 Bg7 11. a5 O-O 12. f4 e6 13. f5 h6 14. b4 Ncd7 15. fxe6
Ne5 16. g5 hxg5 17. e7 Qxe7 18. Bxg5 Ned7 19. Nd5 Qe5 20. Bf4 Qh5 21. Bxd6 Nxd5
22. exd5 Qh4 23. Rf4 Qg3 24. Bxb8 Qe3+ 25. Kh1 Nxb8 26. Re4 Qc3 27. Rb1 Bxh3
28. Ne2 Qc8 29. Bxh3 Qxh3+ 30. Kg1 Bh6 31. Rb3 Qf5 32. Qd3 Qg5+ 33. Kf1 Nd7 34.
c4 Nf6 35. Rd4 Re8 36. d6 Ng4 37. d7 Nh2+ 38. Kf2 Rxe2+ 39. Kxe2 Qg2+ 40. Kd1
Qg1+ 41. Qf1 Qxf1+ 42. Kc2 Qc1+ 43. Kd3 Qd2+ 44. Ke4 Qe2+ 0-1

[Event "Stuttgarter Stadtmeisterschaft A"]
[Site "Ditzingen"]
[Date "2015.05.16"]
[Round "6.28"]
[White "Pfeifer, Wilfried"]
[Black "Imhof, Thomas"]
[Result "1/2-1/2"]
[WhiteElo "2007"]
[BlackElo "1938"]
[PlyCount "57"]
[EventDate "2015.??.??"]
[WhiteTeam "TSF Ditzingen"]
[BlackTeam "SGem Vaihingen-Rohr"]

1. Nf3 c5 2. b3 Nf6 3. Bb2 e6 4. e3 d5 5. Bb5+ Bd7 6. Qe2 a6 7. Bxd7+ Nbxd7 8.
d3 Bd6 9. Nbd2 e5 10. e4 d4 11. O-O O-O 12. g3 b5 13. c4 Qe7 14. Nh4 Bc7 15. f4
g6 16. f5 Nh5 17. Bc1 Ba5 18. Ndf3 Bc3 19. Rb1 Rfb8 20. Ng5 Nhf6 21. Nh3 bxc4
22. dxc4 a5 23. Nf2 a4 24. Bg5 axb3 25. axb3 Ra3 26. Ng4 Rb6 27. Qf3 Kg7 28.
Nh6 Kh8 29. Ng4 1/2-1/2

[Event "Stuttgarter Stadtmeisterschaft A"]
[Site "Ditzingen"]
[Date "2015.05.16"]
[Round "6.29"]
[White "Schnepel, Thomas"]
[Black "Boyens, Birger"]
[Result "1-0"]
[WhiteElo "1930"]
[BlackElo "1997"]
[PlyCount "113"]
[EventDate "2015.??.??"]
[WhiteTeam "SC Pforzheim"]
[BlackTeam "Husumer SV"]

1. e4 c5 2. Nf3 Nc6 3. d4 cxd4 4. Nxd4 Nf6 5. Nc3 e5 6. Ndb5 d6 7. Bg5 a6 8.
Na3 b5 9. Bxf6 gxf6 10. Nd5 f5 11. c3 Bg7 12. Bd3 Ne7 13. Nxe7 Qxe7 14. O-O Bb7
15. Qe2 fxe4 16. Bxe4 d5 17. Bb1 b4 18. Nc2 bxc3 19. bxc3 Rc8 20. Ne3 Rxc3 21.
Nf5 Qf6 22. Qg4 Bf8 23. Re1 Rc4 24. Qe2 e4 25. Ne3 Qxa1 26. Nxc4 Bb4 27. Rd1
Qf6 28. Ne3 Qe5 29. Ng4 Qg7 30. Ne3 Rg8 31. g3 Qe5 32. Bc2 Rg6 33. Rb1 a5 34.
a3 Ba6 35. Ba4+ Kf8 36. Bb5 Bxb5 37. Qxb5 Bxa3 38. Qxa5 Bd6 39. Rb5 Qe6 40.
Rxd5 Qc8 41. Qa1 Kg8 42. Qd4 Bf8 43. Rd8 Qh3 44. Nd5 Qh4 45. Rxf8+ Kxf8 46.
Qh8+ Rg8 47. Qxg8+ Kxg8 48. gxh4 Kg7 49. Kg2 Kg6 50. Kg3 Kf5 51. Ne3+ Ke5 52.
Kg4 Kd4 53. Kf4 Kd3 54. h5 Ke2 55. Kg3 h6 56. Ng4 f5 57. Nxh6 1-0

[Event "Stuttgarter Stadtmeisterschaft A"]
[Site "Ditzingen"]
[Date "2015.05.16"]
[Round "6.30"]
[White "Schuster, Gerhard"]
[Black "Schömbs, Oliver"]
[Result "1-0"]
[WhiteElo "1997"]
[BlackElo "1920"]
[PlyCount "111"]
[EventDate "2015.??.??"]
[WhiteTeam "SC Feuerbach"]
[BlackTeam "SC Ingersheim"]

1. e4 e5 2. Nf3 Nc6 3. Bb5 Nd4 4. Nxd4 exd4 5. O-O Bc5 6. d3 Ne7 7. Qh5 Bb6 8.
Bg5 c6 9. Bc4 d5 10. exd5 cxd5 11. Bb5+ Kf8 12. Bxe7+ Qxe7 13. Qxd5 Be6 14. Qf3
Rd8 15. Bc4 h5 16. Bxe6 Qxe6 17. Nd2 Re8 18. Qxb7 Qe2 19. Ne4 Rh6 20. Rae1 Qxc2
21. Ng5 Qc7 22. Rxe8+ Kxe8 23. Re1+ Kf8 24. Qxc7 Bxc7 25. Rc1 Bf4 26. Rc8+ Ke7
27. Nf3 Kd7 28. Rc4 Ra6 29. a3 Rb6 30. Rxd4+ Bd6 31. Ne5+ Ke7 32. Nc4 Bc5 33.
Re4+ Re6 34. Kf1 f5 35. Re5 Rxe5 36. Nxe5 Ke6 37. Nf3 a5 38. d4 Be7 39. Ke2 Kd5
40. Kd3 g5 41. Ne5 Bd6 42. h3 h4 43. Nc4 Bc7 44. Ne3+ Ke6 45. Kc4 Bd8 46. Kc5
Bf6 47. f3 Be7+ 48. Kc6 Bf6 49. d5+ Ke5 50. d6 a4 51. Kc7 Kd4 52. Nxf5+ Kc4 53.
Ne3+ Kd3 54. Ng4 Bxb2 55. d7 Bc3 56. d8=Q+ 1-0

[Event "Stuttgarter Stadtmeisterschaft A"]
[Site "Ditzingen"]
[Date "2015.05.16"]
[Round "6.31"]
[White "Ruff, Robert"]
[Black "Sand, Rolf"]
[Result "0-1"]
[WhiteElo "1821"]
[BlackElo "1969"]
[PlyCount "98"]
[EventDate "2015.??.??"]
[WhiteTeam "SK Sachsenheim"]
[BlackTeam "SV Tübingen"]

1. d4 Nf6 2. c4 g6 3. Nc3 d5 4. Nf3 Bg7 5. Bf4 O-O 6. e3 c5 7. Be2 cxd4 8. Nxd4
Nc6 9. Nxc6 bxc6 10. O-O Be6 11. h3 dxc4 12. e4 Qxd1 13. Rfxd1 Rfd8 14. Rac1
Rxd1+ 15. Rxd1 Nd7 16. Na4 Nb6 17. Nxb6 axb6 18. Rd2 h5 19. a3 c3 20. bxc3 Rxa3
21. c4 Rc3 22. Rd8+ Kh7 23. Bd2 Rc2 24. Bd1 Rxc4 25. f3 Rd4 26. Rxd4 Bxd4+ 27.
Kf1 Bc4+ 28. Be2 Bxe2+ 29. Kxe2 Kg7 30. Kd3 e5 31. f4 Kf6 32. Be1 Ke6 33. g4 b5
34. Ba5 Kd6 35. f5 c5 36. Kc2 c4 37. Bb4+ Bc5 38. Bc3 b4 39. Bd2 Kc6 40. Bg5
Bd4 41. Be7 Kb5 42. Bd6 b3+ 43. Kb1 c3 44. Ba3 Kc4 45. Bb2 Kd3 46. fxg6 fxg6
47. gxh5 gxh5 48. Kc1 Kxe4 49. Kb1 c2+ 0-1

[Event "Stuttgarter Stadtmeisterschaft A"]
[Site "Ditzingen"]
[Date "2015.05.16"]
[Round "6.32"]
[White "Baenziger, Fabian"]
[Black "Enneking, Hermann"]
[Result "1-0"]
[WhiteElo "1954"]
[BlackElo "1881"]
[PlyCount "143"]
[EventDate "2015.??.??"]
[BlackTeam "TSV Schönaich"]

1. e4 e6 2. d3 d5 3. Nd2 b6 4. Ngf3 Bb7 5. g3 dxe4 6. Nxe4 Bxe4 7. dxe4 Qxd1+
8. Kxd1 Nf6 9. Bd3 Bc5 10. Ke2 O-O 11. h3 h6 12. Bf4 c6 13. Ne5 Nfd7 14. Nc4 f6
15. c3 b5 16. Nd2 a5 17. a4 b4 18. Bc4 Kf7 19. Nb3 Ba7 20. cxb4 axb4 21. a5 Ke7
22. Rhd1 e5 23. Bd2 Rc8 24. Bxb4+ c5 25. Bd5 Nc6 26. Ba3 Rab8 27. Bxc6 Rxc6 28.
Nd2 Nf8 29. Nf3 Ne6 30. Rd2 Rb5 31. Rad1 Ke8 32. Rd6 Rxd6 33. Rxd6 Nc7 34. Nh4
Rxa5 35. Nf5 Nb5 36. Re6+ Kf8 37. Kd3 Nxa3 38. bxa3 Rxa3+ 39. Kc4 Ra4+ 40. Kd5
Rb4 41. Rc6 Bb8 42. Ke6 Kg8 43. Rxc5 Rb6+ 44. Kd7 Rb7+ 45. Kc8 Rb4 46. Ne7+ Kf7
47. Nc6 Bd6 48. Rd5 Rxe4 49. Rxd6 Re2 50. f4 exf4 51. gxf4 Re3 52. f5 Rxh3 53.
Nd8+ Kg8 54. Ne6 Rc3+ 55. Kd7 Ra3 56. Kc7 Ra7+ 57. Kb6 Ra8 58. Rd7 Re8 59.
Rxg7+ Kh8 60. Rg6 Kh7 61. Rxf6 Re7 62. Kc6 Ra7 63. Kd6 Ra6+ 64. Ke7 Ra7+ 65.
Ke8 Ra8+ 66. Nd8 Ra5 67. Rf7+ Kg8 68. Rf6 Kh7 69. Kf7 Ra7+ 70. Kf8 Ra8 71. Rf7+
Kh8 72. Rd7 1-0

[Event "Stuttgarter Stadtmeisterschaft A"]
[Site "Ditzingen"]
[Date "2015.05.16"]
[Round "6.33"]
[White "Häußler, Daniel"]
[Black "Schmidt, Markus"]
[Result "1-0"]
[WhiteElo "2000"]
[BlackElo "1871"]
[PlyCount "63"]
[EventDate "2015.??.??"]
[WhiteTeam "SC Ostfildern"]
[BlackTeam "Stuttgarter SF"]

1. d4 Nf6 2. c4 g6 3. Nc3 Bg7 4. e4 d6 5. f4 O-O 6. Nf3 c5 7. d5 e6 8. Be2 exd5
9. cxd5 Re8 10. e5 dxe5 11. fxe5 Ng4 12. e6 fxe6 13. d6 Bd7 14. O-O a6 15. Bg5
Bf6 16. Qd2 Bc6 17. h3 Bxg5 18. Nxg5 Ne5 19. Nge4 Nbd7 20. Qh6 Nf8 21. Nf6+ Kh8
22. Nxe8 Qxe8 23. Qg5 Nfd7 24. Rae1 Qg8 25. Bg4 Nf7 26. Qe7 Nd8 27. Bxe6 Nxe6
28. Qxe6 Qg7 29. Rf7 Qd4+ 30. Kh1 Qh4 31. Qe8+ Nf8 32. Qe5+ 1-0

[Event "Stuttgarter Stadtmeisterschaft A"]
[Site "Ditzingen"]
[Date "2015.05.16"]
[Round "6.34"]
[White "Kuhlmann, Hans-Peter"]
[Black "Jurasin, Marin"]
[Result "0-1"]
[WhiteElo "1910"]
[BlackElo "2021"]
[PlyCount "90"]
[EventDate "2015.??.??"]
[WhiteTeam "Spvgg Renningen"]
[BlackTeam "SG Schönbuch"]

1. c4 Nf6 2. Nf3 c5 3. g3 Nc6 4. Nc3 e5 5. Bg2 g6 6. O-O d6 7. d3 Bg7 8. b3 O-O
9. Bb2 Nd4 10. e3 Nxf3+ 11. Qxf3 Rb8 12. h3 b6 13. Rad1 Bb7 14. Qe2 d5 15. d4
exd4 16. exd4 Re8 17. Qd3 cxd4 18. Nb5 dxc4 19. Qxc4 Bxg2 20. Kxg2 Qe7 21. Nxd4
Rbc8 22. Qd3 Qe4+ 23. Qf3 Qxf3+ 24. Kxf3 Ne4 25. Ba1 f5 26. g4 Bxd4 27. Bxd4
Rc2 28. Rfe1 Ng5+ 29. Kg3 Rxe1 30. Rxe1 Rxa2 31. gxf5 gxf5 32. h4 Ne4+ 33. Kf4
Ra5 34. Rg1+ Kf8 35. f3 Nd6 36. Rg7 Rd5 37. Be5 Nf7 38. Bb2 h6 39. Rg6 Rb5 40.
Ba3+ Ke8 41. Rg8+ Kd7 42. Rg7 Ke6 43. Rg6+ Kd5 44. Rf6 Rxb3 45. Rxf5+ Ke6 0-1

[Event "Stuttgarter Stadtmeisterschaft A"]
[Site "Ditzingen"]
[Date "2015.05.16"]
[Round "6.35"]
[White "Weber, Sandra"]
[Black "Zeller, Elisa"]
[Result "1/2-1/2"]
[WhiteElo "1862"]
[BlackElo "1956"]
[PlyCount "21"]
[EventDate "2015.??.??"]
[WhiteTeam "SC Neckarsulm"]
[BlackTeam "SF Göppingen"]

1. e4 e6 2. d4 d5 3. exd5 exd5 4. Nf3 Nc6 5. c3 Nge7 6. Bd3 Be6 7. O-O Qd7 8.
Bg5 f6 9. Be3 O-O-O 10. Nbd2 g5 11. Nb3 1/2-1/2

[Event "Stuttgarter Stadtmeisterschaft A"]
[Site "Ditzingen"]
[Date "2015.05.16"]
[Round "6.36"]
[White "Schönhof, Timo"]
[Black "Wohlfahrt, Michael"]
[Result "1/2-1/2"]
[WhiteElo "1947"]
[BlackElo "1852"]
[PlyCount "43"]
[EventDate "2015.??.??"]
[WhiteTeam "C4 Chess Club"]
[BlackTeam "TSF Welzheim"]

1. e4 c5 2. Nc3 Nc6 3. g3 g6 4. Bg2 Bg7 5. d3 d6 6. Be3 e5 7. Nge2 Nge7 8. O-O
O-O 9. f4 f5 10. Qd2 Nd4 11. Nd1 Rb8 12. c3 Nxe2+ 13. Qxe2 b5 14. fxe5 Bxe5 15.
d4 cxd4 16. cxd4 Bg7 17. d5 Qa5 18. Bf2 b4 19. Qd2 fxe4 20. Bxe4 Bh3 21. Re1
Be5 22. Ne3 1/2-1/2

[Event "Stuttgarter Stadtmeisterschaft A"]
[Site "Ditzingen"]
[Date "2015.05.16"]
[Round "6.37"]
[White "Engelhardt, Frank"]
[Black "Stolz, Stephan"]
[Result "0-1"]
[WhiteElo "1819"]
[BlackElo "2086"]
[PlyCount "108"]
[EventDate "2015.??.??"]
[WhiteTeam "SC Botnang"]
[BlackTeam "Stuttgarter SF"]

1. e4 d5 2. exd5 Qxd5 3. Nc3 Qd6 4. d4 Nf6 5. Nf3 c6 6. g3 Bg4 7. Bg2 e6 8. O-O
Qc7 9. h3 Bxf3 10. Qxf3 Bd6 11. Re1 O-O 12. Bg5 Nbd7 13. Rad1 h6 14. Bc1 Rfe8
15. Ne4 Be7 16. Bf4 Qb6 17. b3 Rad8 18. Nd6 Bxd6 19. Bxd6 Nf8 20. Bc5 Qc7 21.
h4 N8d7 22. Ba3 Qa5 23. b4 Qa6 24. g4 Nxg4 25. Bf1 b5 26. Qxg4 Qxa3 27. Rd3
Qxb4 28. Rg3 Qf8 29. Qe4 Nf6 30. Qxc6 Rxd4 31. Bxb5 Red8 32. Qc7 Rd1 33. Rxd1
Rxd1+ 34. Kg2 Rd4 35. Qe5 Qa8+ 36. f3 Rd2+ 37. Kh3 Qd8 38. Bd3 Kh8 39. Rg1 Qb6
40. Qe1 Nh5 41. Rg4 Qf2 42. Qxf2 Rxf2 43. Rd4 f5 44. c4 Rxf3+ 45. Kh2 Nf4 46.
c5 Nxd3 47. c6 Rf2+ 48. Kg3 Rc2 49. Rxd3 Rxc6 50. h5 Ra6 51. a3 Kg8 52. Kf4 Ra5
53. Rd7 Rxa3 54. Ke5 Re3+ 0-1

[Event "Stuttgarter Stadtmeisterschaft A"]
[Site "Ditzingen"]
[Date "2015.05.16"]
[Round "6.38"]
[White "Hoeschele, Hans-Ulrich"]
[Black "Longo, Claudio"]
[Result "1/2-1/2"]
[WhiteElo "2032"]
[BlackElo "2013"]
[PlyCount "42"]
[EventDate "2015.??.??"]
[WhiteTeam "Stuttgarter SF"]
[BlackTeam "SK Germering"]

1. e4 d5 2. d3 dxe4 3. dxe4 Qxd1+ 4. Kxd1 e5 5. Be3 Nf6 6. f3 Be7 7. c3 O-O 8.
Nd2 Be6 9. Kc2 a6 10. Bc4 Bxc4 11. Nxc4 Nc6 12. Rd1 Rad8 13. Ne2 h6 14. Bf2 Nh7
15. Bg3 f6 16. Ne3 Ng5 17. Rd5 Bd6 18. Nf5 Ne7 19. Nxe7+ Bxe7 20. h4 Ne6 21.
Rhd1 Rxd5 1/2-1/2

[Event "Stuttgarter Stadtmeisterschaft A"]
[Site "Ditzingen"]
[Date "2015.05.16"]
[Round "6.39"]
[White "Pajer, Michael"]
[Black "Langjahr, Marius"]
[Result "1-0"]
[WhiteElo "1889"]
[BlackElo "1812"]
[PlyCount "47"]
[EventDate "2015.??.??"]
[WhiteTeam "SK Bebenhausen"]
[BlackTeam "SK Sachsenheim"]

1. c4 Nf6 2. Nc3 e6 3. g3 d5 4. cxd5 exd5 5. d4 Be6 6. Bg2 c6 7. Nf3 Bd6 8. Bg5
Nbd7 9. O-O O-O 10. Qc2 h6 11. Bd2 Re8 12. Nh4 Qb6 13. Rad1 Rac8 14. Na4 Qa6
15. Nc3 b6 16. Rfe1 c5 17. e3 cxd4 18. exd4 Qxa2 19. Bf1 Ba3 20. Rb1 Ne4 21.
Qd1 Nxc3 22. Bxc3 Rxc3 23. bxc3 Rc8 24. Re2 1-0

[Event "Stuttgarter Stadtmeisterschaft A"]
[Site "Ditzingen"]
[Date "2015.05.16"]
[Round "6.40"]
[White "Baumeister, Jürgen"]
[Black "Viehoff, Jürgen"]
[Result "0-1"]
[WhiteElo "1869"]
[BlackElo "1857"]
[PlyCount "68"]
[EventDate "2015.??.??"]
[WhiteTeam "SC Asperg"]
[BlackTeam "SC Stetten a.d.F."]

1. e4 c6 2. Nc3 d5 3. Qf3 e6 4. d4 Nf6 5. e5 Nfd7 6. Bf4 c5 7. dxc5 Nc6 8. Qg3
Nxc5 9. O-O-O a6 10. Nf3 Qa5 11. Kb1 b5 12. Be2 b4 13. Nxd5 Ne4 14. Qh4 exd5
15. Rxd5 Qxd5 16. Rd1 Qa5 17. Bc4 Be7 18. Qh5 g6 19. Qh6 Bf8 20. Qh4 h5 21. Bd5
Be7 22. Bxc6+ Kf8 23. Ng5 Nc3+ 24. bxc3 bxc3 25. Bd5 Bg4 26. f3 Qb4+ 27. Bb3
Qxf4 28. fxg4 Bxg5 29. Qe1 Qxg4 30. Qf1 Qf4 31. Qe2 Kg7 32. Rf1 Qb4 33. Rxf7+
Kh6 34. e6 Qa3 0-1

[Event "Stuttgarter Stadtmeisterschaft A"]
[Site "Ditzingen"]
[Date "2015.05.17"]
[Round "7.1"]
[White "Ikonnikov, Vyacheslav"]
[Black "Bosiocic, Marin"]
[Result "0-1"]
[WhiteElo "2560"]
[BlackElo "2563"]
[PlyCount "138"]
[EventDate "2015.??.??"]
[WhiteTeam "SF Bad Mergentheim"]
[BlackTeam "TSV Schönaich"]

1. d4 Nf6 2. Nf3 e6 3. c4 c5 4. Nc3 cxd4 5. Nxd4 Bb4 6. Bd2 O-O 7. e3 Nc6 8. a3
Bc5 9. Nb3 Be7 10. Be2 b6 11. O-O Bb7 12. e4 d6 13. Be3 Rc8 14. f4 Nd7 15. Bd3
Nc5 16. Nxc5 bxc5 17. Rb1 Ba8 18. Ne2 Qa5 19. Bd2 Qb6 20. Kh1 Na5 21. Bc3 Nb3
22. Bc2 Rb8 23. Rf3 Na5 24. Rg3 g6 25. b3 f5 26. exf5 exf5 27. Ng1 Bf6 28. Bxf5
Bxc3 29. Be6+ Kh8 30. Rxc3 Rxf4 31. Nf3 Rbf8 32. Rd3 Be4 33. Rxd6 Qb8 34. Rd3
Nc6 35. Bd5 Bxd3 36. Qxd3 Nd4 37. Qc3 Qd6 38. b4 Qf6 39. bxc5 g5 40. h3 g4 41.
hxg4 Rxg4 42. Rf1 Rf4 43. Re1 a5 44. Re3 Nxf3 45. Qxf6+ R8xf6 46. Re8+ Rf8 47.
Rxf8+ Rxf8 48. Bxf3 Rc8 49. c6 Kg7 50. Kg1 Kf6 51. Kf2 Ke7 52. Ke3 Kd6 53. Kd4
Rb8 54. c5+ Kc7 55. Kc4 h6 56. Be4 Re8 57. Bf3 Rb8 58. Be4 Rb2 59. Kc3 Re2 60.
Bf3 Re3+ 61. Kc4 Rxa3 62. Kb5 Ra1 63. Be4 h5 64. Bf3 h4 65. Be4 a4 66. Bf3 a3
67. Kb4 a2 68. Kb3 Rf1 69. Kxa2 Rxf3 0-1

[Event "Stuttgarter Stadtmeisterschaft A"]
[Site "Ditzingen"]
[Date "2015.05.17"]
[Round "7.2"]
[White "Gutman, Lev"]
[Black "Karpatchev, Aleksandr"]
[Result "1/2-1/2"]
[WhiteElo "2438"]
[BlackElo "2466"]
[PlyCount "28"]
[EventDate "2015.??.??"]
[WhiteTeam "SV Lingen"]
[BlackTeam "SF Bad Mergentheim"]

1. Nf3 d5 2. g3 g6 3. Bg2 Bg7 4. d4 Nf6 5. O-O O-O 6. c4 dxc4 7. Na3 c3 8. bxc3
c5 9. Nc4 Nc6 10. Nce5 Nxe5 11. Nxe5 Nd5 12. Bd2 Be6 13. e4 Nb6 14. Nf3 Bg4
1/2-1/2

[Event "Stuttgarter Stadtmeisterschaft A"]
[Site "Ditzingen"]
[Date "2015.05.17"]
[Round "7.3"]
[White "Gibicar, Danijel"]
[Black "Dgebuadze, Alexandre"]
[Result "0-1"]
[WhiteElo "2233"]
[BlackElo "2490"]
[PlyCount "94"]
[EventDate "2015.??.??"]
[WhiteTeam "SK Bebenhausen"]

1. e4 e6 2. d4 d5 3. Nc3 Bb4 4. e5 Ne7 5. a3 Bxc3+ 6. bxc3 c5 7. Nf3 Qa5 8. Bd2
Qc7 9. Be2 Bd7 10. O-O Ba4 11. Ra2 Nd7 12. h4 h6 13. h5 Rc8 14. Bd3 c4 15. Be2
O-O 16. Bf4 Nb6 17. Qd2 Kh7 18. Nh4 Be8 19. Bh2 Na4 20. f4 Qa5 21. Rf3 Nf5 22.
Bg3 Qb6 23. Ra1 f6 24. Ng6 Bxg6 25. hxg6+ Kxg6 26. Raf1 Kh7 27. Be1 Ne7 28.
exf6 Rxf6 29. Bh4 Rf7 30. g4 Rcf8 31. Bd1 Kg8 32. Qe3 Qd6 33. Bg3 Qd7 34. Re1
Nb2 35. Be2 Nc8 36. Bf1 Nd6 37. Qxe6 Qxe6 38. Rxe6 Ne4 39. Bg2 Nd1 40. Re5
Ndxc3 41. Rxc3 Nxc3 42. f5 Rd7 43. Be1 Ne4 44. Bb4 Rfd8 45. c3 b6 46. Bxe4 dxe4
47. Rxe4 a5 0-1

[Event "Stuttgarter Stadtmeisterschaft A"]
[Site "Ditzingen"]
[Date "2015.05.17"]
[Round "7.4"]
[White "Gretz, Denis"]
[Black "Belezky, Alexander"]
[Result "0-1"]
[WhiteElo "2241"]
[BlackElo "2453"]
[PlyCount "56"]
[EventDate "2015.??.??"]
[WhiteTeam "SK Königsbrunn"]
[BlackTeam "FC Bayern München"]

1. e4 e6 2. d4 d5 3. Nc3 Nf6 4. e5 Nfd7 5. f4 c5 6. Nf3 Nc6 7. Be3 a6 8. Qd2
cxd4 9. Nxd4 Bc5 10. O-O-O O-O 11. h4 Bxd4 12. Bxd4 b5 13. Kb1 b4 14. Na4 Qa5
15. b3 Nxd4 16. Qxd4 Bb7 17. f5 exf5 18. h5 h6 19. g4 Qc7 20. gxf5 Qxe5 21.
Qxb4 Bc6 22. Qd4 Rfe8 23. Bg2 Bxa4 24. Qxa4 Nf6 25. Rd4 Rac8 26. Rhd1 Qxf5 27.
R4d2 Re6 28. Rd3 Qf2 0-1

[Event "Stuttgarter Stadtmeisterschaft A"]
[Site "Ditzingen"]
[Date "2015.05.17"]
[Round "7.5"]
[White "Bergauz, Noam"]
[Black "Bilchinski, Anton"]
[Result "1/2-1/2"]
[WhiteElo "2296"]
[BlackElo "2252"]
[PlyCount "64"]
[EventDate "2015.??.??"]
[WhiteTeam "SK München Südost"]
[BlackTeam "SK Göggingen"]

1. e4 e5 2. Nf3 Nf6 3. Nc3 Bb4 4. g3 O-O 5. Bg2 Re8 6. O-O c6 7. Re1 d6 8. d3
Nbd7 9. a3 Ba5 10. b4 Bc7 11. Bb2 Nf8 12. h3 Ng6 13. Qd2 Bd7 14. Rad1 Qe7 15.
Kh2 Rad8 16. d4 Bc8 17. Qe2 h5 18. dxe5 dxe5 19. Na4 b6 20. c4 Nf8 21. Qe3 Ba6
22. Bf1 Bb7 23. Nc3 Ne6 24. b5 Rxd1 25. Rxd1 Qc5 26. bxc6 Qxe3 27. fxe3 Bxc6
28. Nd5 Nxe4 29. Nxc7 Nxc7 30. Nxe5 Ba4 31. Re1 f6 32. Nf3 Ne6 1/2-1/2

[Event "Stuttgarter Stadtmeisterschaft A"]
[Site "Ditzingen"]
[Date "2015.05.17"]
[Round "7.6"]
[White "Höglauer, Patrick"]
[Black "Piskur, Mitja"]
[Result "0-1"]
[WhiteElo "2079"]
[BlackElo "2272"]
[PlyCount "80"]
[EventDate "2015.??.??"]
[WhiteTeam "SV Backnang"]

1. d4 f5 2. g3 Nf6 3. Bg2 g6 4. Nh3 Bg7 5. Nf4 Nc6 6. h4 Ng4 7. d5 Nce5 8. h5
c6 9. d6 Qa5+ 10. Nc3 Qc5 11. O-O Qxd6 12. Qxd6 exd6 13. e4 fxe4 14. Nxe4 d5
15. Nd6+ Ke7 16. Nxc8+ Raxc8 17. Re1 Kd6 18. f3 Nh6 19. hxg6 hxg6 20. Be3 Nf5
21. Bf2 g5 22. Ne2 g4 23. fxg4 Nxg4 24. Bxa7 Ra8 25. Bb6 Ra6 26. Rf1 Rxb6 27.
Rxf5 Bxb2 28. Re1 Rb4 29. c3 Rc4 30. Rb1 Ba3 31. Rf4 Rxf4 32. gxf4 Bc5+ 33. Nd4
b5 34. Rd1 Ne3 35. Rd3 Nf5 36. Kf1 Bxd4 37. cxd4 Rh4 38. Rf3 Nxd4 39. Rf2 Nf5
40. Ke2 Rh2 0-1

[Event "Stuttgarter Stadtmeisterschaft A"]
[Site "Ditzingen"]
[Date "2015.05.17"]
[Round "7.7"]
[White "Schröder, Kevin"]
[Black "Braun, Joachim"]
[Result "1-0"]
[WhiteElo "2244"]
[BlackElo "2177"]
[PlyCount "113"]
[EventDate "2015.??.??"]
[WhiteTeam "LSV Turm Lippstadt"]
[BlackTeam "SF Birkenfeld"]

1. d4 Nf6 2. Nc3 d5 3. Bf4 Bf5 4. e3 e6 5. Bd3 Bg6 6. Nf3 Be7 7. Ne5 a6 8. Qf3
Nbd7 9. Nxg6 hxg6 10. e4 dxe4 11. Nxe4 Nd5 12. Bd2 Nb4 13. Bxb4 Bxb4+ 14. c3
Be7 15. O-O-O c6 16. h4 Nf6 17. Bc4 Nxe4 18. Qxe4 Qd6 19. g3 O-O-O 20. Rhe1 Bf6
21. f4 Kb8 22. Kb1 Qc7 23. Bf1 Qa5 24. Bg2 Qf5 25. Rd3 Qxe4 26. Bxe4 Rd6 27. b4
Kc7 28. Kc2 a5 29. a3 axb4 30. axb4 Ra8 31. Rdd1 Rdd8 32. Ra1 Kb6 33. Reb1 Kc7
34. b5 cxb5 35. Rxa8 Rxa8 36. Rxb5 Ra7 37. Kb2 b6 38. h5 gxh5 39. Rxh5 Ra5 40.
Rh7 Rb5+ 41. Kc2 Ra5 42. g4 Kd6 43. g5 Bxg5 44. fxg5 Rxg5 45. Rh8 f5 46. Bb7 e5
47. Rf8 e4 48. Kd2 g6 49. Rf6+ Kc7 50. Bd5 Rg2+ 51. Ke1 Rg3 52. c4 Rd3 53. Rxg6
f4 54. Rc6+ Kd7 55. Rxb6 f3 56. Rf6 Rxd4 57. Rf4 1-0

[Event "Stuttgarter Stadtmeisterschaft A"]
[Site "Ditzingen"]
[Date "2015.05.17"]
[Round "7.8"]
[White "Khadempour, Farhad"]
[Black "Krassowizkij, Jaroslaw"]
[Result "0-1"]
[WhiteElo "2139"]
[BlackElo "2436"]
[PlyCount "118"]
[EventDate "2015.??.??"]
[WhiteTeam "SV Tübingen"]
[BlackTeam "SV Jedesheim"]

1. d4 Nf6 2. c4 g6 3. Nc3 d5 4. cxd5 Nxd5 5. e4 Nxc3 6. bxc3 Bg7 7. Bc4 c5 8.
Ne2 O-O 9. O-O Nc6 10. Be3 b6 11. Rc1 Bb7 12. f3 cxd4 13. cxd4 Qd6 14. Qd2 Rac8
15. Rfd1 e6 16. Kh1 a6 17. h3 Na5 18. Bd3 Qa3 19. Rxc8 Rxc8 20. Rc1 Rxc1+ 21.
Nxc1 Qa4 22. Qc2 Qd7 23. Ne2 Nc6 24. Qc3 h5 25. Bc2 b5 26. Bb3 a5 27. a4 Ba6
28. axb5 Bxb5 29. Bc4 Nb4 30. Bxb5 Qxb5 31. Qd2 Qc4 32. Nc3 Nc6 33. e5 a4 34.
Ne4 a3 35. Qc1 Qxc1+ 36. Bxc1 a2 37. Bb2 Bh6 38. d5 exd5 39. Nf6+ Kf8 40. Nxd5
Bc1 41. Ba1 Bd2 42. Kg1 Na5 43. Kf2 Nb3 44. Bb2 Bc1 45. Bc3 a1=Q 46. Bxa1 Nxa1
47. f4 Nc2 48. Kf3 h4 49. g3 Nd4+ 50. Kf2 hxg3+ 51. Kxg3 Ke8 52. Kg4 Kd7 53. h4
Ba3 54. Nf6+ Ke6 55. Ne4 Be7 56. Nd2 Nf5 57. Nf3 Ne3+ 58. Kg3 Kd5 59. Nd2 Nf5+
0-1

[Event "Stuttgarter Stadtmeisterschaft A"]
[Site "Ditzingen"]
[Date "2015.05.17"]
[Round "7.9"]
[White "Niklasch, Oliver"]
[Black "Debus, Alfred"]
[Result "1-0"]
[WhiteElo "2325"]
[BlackElo "2143"]
[PlyCount "61"]
[EventDate "2015.??.??"]
[WhiteTeam "SK Schmiden/Cannstatt"]
[BlackTeam "SK Marburg"]

1. g3 d5 2. Nf3 c6 3. Bg2 Nf6 4. c4 e6 5. O-O Nbd7 6. b3 Bd6 7. Bb2 O-O 8. d4
Re8 9. Nbd2 Bc7 10. Qc2 e5 11. cxd5 Nxd5 12. Rad1 Qe7 13. e4 Nb4 14. Qb1 exd4
15. a3 Na6 16. Nxd4 Qf8 17. h3 Nac5 18. Nc4 Ne5 19. Ne3 Ned7 20. Rfe1 Ne6 21.
Ndf5 Be5 22. Nc4 Bxb2 23. Qxb2 Nb6 24. Ncd6 Rd8 25. a4 g6 26. Qf6 gxf5 27. Nxf5
h5 28. Ne7+ Kh7 29. e5 Qg7 30. Be4+ Kh8 31. Qf5 1-0

[Event "Stuttgarter Stadtmeisterschaft A"]
[Site "Ditzingen"]
[Date "2015.05.17"]
[Round "7.10"]
[White "Pitschka, Claus"]
[Black "Cofman, Veaceslav"]
[Result "1/2-1/2"]
[WhiteElo "2208"]
[BlackElo "2145"]
[PlyCount "236"]
[EventDate "2015.??.??"]
[WhiteTeam "SC Garching"]
[BlackTeam "Karlsruher SF"]

1. d4 d5 2. Nf3 Nf6 3. c4 c6 4. Qc2 g6 5. Bf4 Bf5 6. Qb3 Qb6 7. c5 Qxb3 8. axb3
Nbd7 9. Nc3 a6 10. h3 h5 11. b4 Rc8 12. e3 Ne4 13. Nxe4 Bxe4 14. Nd2 Bg7 15.
Nxe4 dxe4 16. O-O-O e6 17. Bd6 Bf8 18. Bxf8 Kxf8 19. Bc4 Ke7 20. Bb3 h4 21. g4
hxg3 22. fxg3 f5 23. g4 Nf6 24. gxf5 gxf5 25. Rdg1 Rcg8 26. Rxg8 Rxg8 27. h4
Ng4 28. Kd2 Nh6 29. Bd1 Rg2+ 30. Be2 Rg3 31. Bf1 Kf6 32. Rh3 Rg1 33. Be2 Ng4
34. h5 Kg7 35. Bc4 Rg2+ 36. Ke1 Rg1+ 37. Ke2 Nh6 38. Bxe6 Kf6 39. d5 Ke5 40.
Kf2 Rg7 41. Rg3 Ng4+ 42. Rxg4 Rxg4 43. h6 Rh4 44. dxc6 bxc6 45. Bc8 Rxh6 46.
Kg3 Rg6+ 47. Kf2 f4 48. exf4+ Kxf4 49. Bxa6 e3+ 50. Kf1 Ke4 51. Bc4 Kd4 52. b3
Rf6+ 53. Ke1 Rf8 54. b5 cxb5 55. Bxb5 Kxc5 56. Bc4 Rf2 57. Bg8 Kd4 58. Bc4 Ke4
59. Be6 Rd2 60. Bf7 Rh2 61. Bc4 Rh6 62. Ke2 Rd6 63. Ke1 Rd2 64. Be6 Rb2 65. Bc4
e2 66. Bxe2 Rxb3 67. Kd1 Rb2 68. Ba6 Kd4 69. Kc1 Kc3 70. Bc8 Rb8 71. Bd7 Rg8
72. Kb1 Rg1+ 73. Ka2 Rg2+ 74. Kb1 Rg6 75. Be8 Rb6+ 76. Ka1 Rb7 77. Bg6 Kb3 78.
Bf5 Re7 79. Bg6 Kc3 80. Bb1 Kb4 81. Ba2 Ka3 82. Bb1 Re2 83. Bf5 Ra2+ 84. Kb1
Re2 85. Ka1 Ra2+ 86. Kb1 Rf2 87. Be6 Kb4 88. Ka1 Rf1+ 89. Kb2 Re1 90. Bf5 Re2+
91. Ka1 Kc3 92. Bb1 Kd2 93. Ba2 Kc2 94. Bb1+ Kb3 95. Bf5 Ra2+ 96. Kb1 Ra6 97.
Bc2+ Kc3 98. Bf5 Ra5 99. Bg6 Rg5 100. Bf7 Rg2 101. Be6 Rg1+ 102. Ka2 Rg6 103.
Bd5 Rd6 104. Bg8 Rd2+ 105. Ka1 Kc2 106. Bh7+ Kc1 107. Bg8 Rb2 108. Ba2 Kc2 109.
Be6 Rb1+ 110. Ka2 Rb6 111. Bf5+ Kc3 112. Ka1 Kb3 113. Be4 Rd6 114. Bh7 Ra6+
115. Kb1 Rh6 116. Bg8+ Kc3 117. Bf7 Rh7 118. Bg6 Rg7 1/2-1/2